000 00693nam a2200241Ia 4500
003 OSt
005 20220916110945.0
006 a|||||r|||| 00| 0
007 ta
008 220915b |||||||| |||| 00| 0 eng d
024 _a31882
037 _cTextbook
040 _beng
_aARTS
_cARTS
041 _aeng
082 _aO111,3L75j, L5-;1 (TTO)
100 _aHalperin John Ed.
245 0 _aJane Austen : Bicentenary essays ed. by John Halperin
260 _aCambridge
_bCambridge University Press USA
300 _a334p.
_ccm.
650 _aENGLISH LITERATURE
942 _hO111,3L75j, L5-;1 (TTO)
_cTB
_2CC
999 _c102241
_d102241